000 00778nam a22002177a 4500
999 _c15164
_d15164
003 AR-CdUCM
008 190426b ||||| |||| 00| 0 spa d
020 _a978-607-618-5001
040 _aMUNICIPALIDAD PROVINCIAL DEL CUSCO
_cBIBLIOTECA MUNICIPAL DEL CUSCO
082 _aPI / 800 /
_bD64
110 _aDisney enterprises
_932870
245 _aIntensamente :
_baventuras con alegría /
260 _aMexico :
_bAdvanced marketing,
_c2015.
300 _a30 paginas ;
_bIlustraciones,
_c28 cm.
_eLamparita suave,.
500 _aTitulo original : Inside out. Joy´s journey
650 _aCuentos para niñas (os)
_933717
650 _aHistoria divertida
_934187
700 _aPuente Montelongo, Elizabeth (Traducion)
_934188
942 _2ddc
_cLIBROS
945 _awnts
_d2019-04-26